MAASAI MARA UNIVERSITY

LIBRARY CATALOGUE

Contact Us: +254 020 2685356/7 or 0774 057787

Box: 861-20500, NAROK, KENYA

Email: info@mmarau.ac.ke

Polloway,Edward A (Record no. 4163)

MARC details
000 -LEADER
fixed length control field 00476nam a2200145Ia 4500
008 - FIXED-LENGTH DATA ELEMENTS--GENERAL INFORMATION
fixed length control field 151015s9999 xx 000 0 und d
020 ## - INTERNATIONAL STANDARD BOOK NUMBER
International Standard Book Number 130274305
050 ## - LIBRARY OF CONGRESS CALL NUMBER
Classification number LC 4631 .P65 2001
245 ## - TITLE STATEMENT
Title Polloway,Edward A
250 ## - EDITION STATEMENT
Edition statement _Strategies for teaching learners with special needs(7th ed) Edward A.Polloway
300 ## - PHYSICAL DESCRIPTION
Extent New jersey Merrill prentice hall 2001
500 ## - GENERAL NOTE
General note Includes index.
650 ## - SUBJECT ADDED ENTRY--TOPICAL TERM
Topical term or geographic name as entry element _Mentally handicapped children
700 ## - ADDED ENTRY--PERSONAL NAME
Personal name ^d20131202 05:02:45^oanne

No items available.

© 2016 Maasai Mara University.